000 01767nam0a2200313 i 4500
001 RU\NLR\BIBL_A\010943718
005 20241102161601.0
010 _a9785788310510
_9100
021 _aRU
_b2015-95175
_95889
035 _a(NILC)RuMoRGB-008093632
035 _a(NLR Aleph) 010943718
090 _a10760167
_c10760167
100 _a20151223d2015 u y0rusy50 ca
101 0 _arus
102 _aRU
105 _aa|||j||||||y|
200 1 _aСовременный литературный процесс (динамика, направления, контексты)
_eучебное пособие для студентов, обучающихся по программе высшего образования по направлению 42.03.03 Издательское дело
_fА. А. Косицин
_gМ-во образования и науки Российской Федерации, Федеральное гос. автономное образовательное учреждение высш. образования "Самарский гос. аэрокосмический ун-т им. С. П. Королева (Нац. исследовательский ун-т)" (СГАУ)
210 _aСамара
_cИзд-во СГАУ
_d2015
215 _a79 с.
_d21
320 _aБиблиогр. в конце разд.
606 _aЛитературный процесс
_jУчебники для высших учебных заведений
_91481347
_3RU\NLR\AUTH\66631050
686 1 _aШ400.2я73-1
700 1 _aКосицин
_bА. А.
_gАндрей Александрович
801 0 _aRU
_bРГБ
_c20151211
_gRCR
801 1 _aRU
_bРГБ
_c20151211
_2rusmarc
942 _cBOOK
980 _aNBR